000 00637nam a22002057a 4500
003 NUST - PNEC
005 20170116181202.0
008 160218b xxu||||| |||| 00| 0 eng d
020 _a9788131515402
040 _cLIBRARY
082 _a515 SEN
100 _916519
_aSengar, S.K
245 _aAdvanced calculus
_cS.K Sengar
250 _a-
260 _aNew Delhi
_bCengage Learning India
_cc.2011.
300 _a608 pages
650 _916521
_aCalculus
_xME, IME
856 _uhttp://www.amazon.com/Advanced-Calculus-S-Sengar-Singh/dp/8131515400/ref=sr_1_1?ie=UTF8&qid=1455781712&sr=8-1&keywords=9788131515402
942 _2ddc
_cBK
999 _c71519
_d71519